000 00543nam a2200181Ia 4500
005 20250508160116.0
008 008 250505s9999 xx 000 0 hin d
037 _aTextual
040 _aFEDL
_beng
_cFEDL
041 _ahin
_2hin
084 _a954, NCE
_qFEDL
100 _aThapar Romil
_9767950
245 0 _aPracheen bharat: Madhyamik kakshao ke liye
260 _aNew Delhi, India
_bNational Council of Educational Research and Training
_c1969
300 _a130p.
942 _cTEXL
_h954, NCE
999 _c1361793
_d1361793